书目信息 |
| 题名: |
现代养猪技术与模式
|
|
| 作者: | 李观题 , 李娟 编著 | |
| 分册: | ||
| 出版信息: | 北京 中国农业科学技术出版社 2015 |
|
| 页数: | 621页 | |
| 开本: | 27cm | |
| 丛书名: | ||
| 单 册: | ||
| 中图分类: | S828 | |
| 科图分类: | ||
| 主题词: | 养猪学--yang zhu xue | |
| 电子资源: | ||
| ISBN: | 978-7-5116-2291-4 | |
| 000 | 00978nam0 22002411 450 | |
| 001 | 0124140326 | |
| 005 | 20170324140326.0 | |
| 010 | @a978-7-5116-2291-4@b精装@dCNY180.00 | |
| 100 | @a20160226d2015 em y0chiy50 ea | |
| 101 | 0 | @achi |
| 102 | @aCN@b110000 | |
| 105 | @ay z 000yy | |
| 106 | @ar | |
| 200 | 1 | @a现代养猪技术与模式@9xian dai yang zhu ji shu yu mo shi@f李观题,李娟编著 |
| 210 | @a北京@c中国农业科学技术出版社@d2015 | |
| 215 | @a621页@d27cm | |
| 330 | @a本书内容包括现代养猪模式的选择、现代猪场的建设与配套设施、现代猪场的生产工艺流程、现代猪场的机械设备选择应用、现代养猪的粪污控制与处理技术和模式、猪的育种、各类猪的饲养管理、工厂化养猪的布局设计、现代养猪生产自动化与智能化、猪的饲料与饲料配制、疫病防控、生态养猪模式、经营管理等。 | |
| 606 | 0 | @a养猪学@9yang zhu xue |
| 690 | @aS828@v5 | |
| 701 | 0 | @a李观题@9li guan ti@c(畜牧学)@4编著 |
| 701 | 0 | @a李娟@9li juan@c(畜牧学)@4编著 |
| 801 | 0 | @aCN@bTANGWEI@c20170308 |
| 905 | @b0963243-4@dS828@e135@f2 | |
| 现代养猪技术与模式/李观题,李娟编著.-北京:中国农业科学技术出版社,2015 |
| 621页;27cm |
| ISBN 978-7-5116-2291-4(精装):CNY180.00 |
| 本书内容包括现代养猪模式的选择、现代猪场的建设与配套设施、现代猪场的生产工艺流程、现代猪场的机械设备选择应用、现代养猪的粪污控制与处理技术和模式、猪的育种、各类猪的饲养管理、工厂化养猪的布局设计、现代养猪生产自动化与智能化、猪的饲料与饲料配制、疫病防控、生态养猪模式、经营管理等。 |
| ● |
| 相关链接 |
|
|
|
|
正题名:现代养猪技术与模式
索取号:S828/135
 
预约/预借
| 序号 | 登录号 | 条形码 | 馆藏地/架位号 | 状态 | 备注 |
| 1 | 0963243 | 209632432 | 第二样本阅览室/ [索取号:S828/135] | 在馆 | |
| 2 | 0963244 | 209632441 | 第三借阅区/ [索取号:S828/135] | 在馆 |